विपणन व्‍यवस्‍थापन २ (Record no. 36571)

MARC details
000 -LEADER
fixed length control field 00515nam a2200181Ia 4500
008 - FIXED-LENGTH DATA ELEMENTS--GENERAL INFORMATION
fixed length control field 220531s9999 xx 000 0 und d
041 ## - LANGUAGE CODE
Language code of text/sound track or separate title mar
100 ## - MAIN ENTRY--PERSONAL NAME
Personal name शिरगावे एस.एल.आणि इतर
9 (RLIN) 64514
245 ## - TITLE STATEMENT
Title विपणन व्‍यवस्‍थापन २
250 ## - EDITION STATEMENT
Edition statement 1ST
260 ## - PUBLICATION, DISTRIBUTION, ETC. (IMPRINT)
Place of publication, distribution, etc. Pune
Name of publisher, distributor, etc. Success
Date of publication, distribution, etc. 2014
300 ## - PHYSICAL DESCRIPTION
Extent 8.28
542 ## - INFORMATION RELATING TO COPYRIGHT STATUS
Copyright holder 14-09-2015
551 ## -
-- Commerce
-- Grantebal-C
650 ## - SUBJECT ADDED ENTRY--TOPICAL TERM
Topical term or geographic name as entry element Marketing
9 (RLIN) 64515
906 ## - LOCAL DATA ELEMENT F, LDF (RLIN)
d 2015-2016
Holdings
Withdrawn status Lost status Source of classification or shelving scheme Damaged status Not for loan Collection code Home library Current library Date acquired Vendor Cost, normal purchase price Total Checkouts Total Holds Full call number Barcode Date last seen Bill Date Koha item type Original Barcode
Withdrawn   Dewey Decimal Classification       Shri Siddhivinayak Mahila Mahavidyalaya Shri Siddhivinayak Mahila Mahavidyalaya 12/09/2015 Creative Book Service 185.00   10 /-/B/17574 SSMM-BK-17574 06/08/2022 06/08/2022 Books 010017574